🐨 Famous Aussies in Portrait [Archibald Prize] III Quiz Stats

 Plays Quiz not verified by Sporcle

Score 0/24 Timer 10:00
0 Plays Today
% Correct
Cate Blanchett
70%
Robert Menzies
66.7%
Hugo Weaving
63.3%
Cathy Freeman
60%
Sir Donald Bradman
56.7%
Gough Whitlam
56.7%
Heath Ledger
50%
Peter Brock
46.7%
Tim Minchin
40%
Toni Collette
36.7%
Bob Carr
36.7%
Asher Keddie
30%
% Correct
Michael Caton
26.7%
George Calombaris
26.7%
Bill Hunter
26.7%
Naomi Watts
20%
Torah Bright
16.7%
Jimmy Barnes
16.7%
Dan Sultan
13.3%
Alex Dimitriades
10%
Tex Perkins
10%
Helen Garner
6.7%
Sarah Blasko
3.3%
Jimmy Little
3.3%

You're not logged in!

Compare scores with friends on all Sporcle quizzes.
Join for Free
OR
Log In

You Might Also Like...

Show Comments

Extras

Top Quizzes Today


Score Distribution

Your Account Isn't Verified!

In order to create a playlist on Sporcle, you need to verify the email address you used during registration. Go to your Sporcle Settings to finish the process.

Report this User

Report this user for behavior that violates our Community Guidelines.

Details: